Obchodní technologie

Gespeichert in:
Bibliographische Detailangaben
1. Verfasser: Hadravová, Zdena
Format: Buch
Sprache:Tschechisch
Veröffentlicht: Praha Merkur 1980
Tags: Tag hinzufügen
Keine Tags, Fügen Sie das erste Tag hinzu!

MARC

LEADER 00000nam a2200000 4500
001 c132062
005 20221207070107.0
041 0 |a cze 
044 |a CZ 
245 1 0 |a Obchodní technologie  |c Zdena Hadravová 
264 1 |a Praha  |b Merkur  |c 1980 
300 |a 351 s. 
100 1 |a Hadravová, Zdena